00539 2200217 4500001002100000005001500021035002000036007000300056008004100059020002200100082001200122084001800134100001600152245004500168250001100213260003800224300002000262990001300282990001300295990001300308INLIS00000000000838220241216093512 a0010-0322000401ta241216 g 0 ind  a978-602-313-072-6 a320.540 a320.540 ZAI p0 aZAINAL AQIB1 aPENELITIAN TINDAKAN KELAS /cZAINAL AQIB aCet. 1 aYogyakarta :bARRUZZ MEDIA,c2017 a460HAL ;c24 cm a022.7728 a022.7729 a022.7730